| 000 | 00890cam a22002291 4500 | ||
|---|---|---|---|
| 001 | gs 18000233 | ||
| 003 | DLC | ||
| 005 | 20260227111322.0 | ||
| 008 | 790629m19171919at a f000 0 eng | ||
| 010 | _ags 18000233 | ||
| 035 | _a(OCoLC)5122444 | ||
| 040 |
_aDLC _cTxCM _dDLC |
||
| 042 | _apremarc | ||
| 050 | 0 | 0 |
_aTN428.V6 _bS8 |
| 100 | 1 |
_aStillwell, F. L. _q(Frank Leslie), _d1888- |
|
| 245 | 1 | 4 |
_aThe factors influencing gold depostion in the Bendigo goldfield, _cpub. under the authority of the Executive Committee of the Advisory Council. |
| 260 |
_aMelbourne, _bA.J. Mullett, Government Printer, _c1917-1919. |
||
| 300 |
_a3 v. _billus. |
||
| 490 | 1 |
_aAustralia. Advisory Council of Science and Industry. Bulletins _vno. 4, 8, 16 |
|
| 650 | 0 |
_aGold mines and mining _zAustralia _zBendigo (Vic.) |
|
| 810 | 1 |
_aAustralia. _bAdvisory Council of Science and Industry. _tBulletin ; _vno. 16. |
|
| 999 |
_c25855 _d25855 |
||